[Event "Valencia tch - Division de Honor"]
[Site "Comunidad Valenciana"]
[Date "2009.01.10"]
[Round "1.7"]
[White "Pavia Miralles, Jose Manuel"]
[Black "Ballester Llagaria, Luis Eduardo"]
[Result "1-0"]
[WhiteElo "2222"]
[BlackElo "2053"]
[PlyCount "69"]
[EventDate "2009.01.10"]
[EventType "team"]
[EventRounds "9"]
[EventCountry "ESP"]
[Source "lmi"]
[SourceDate "2009.01.10"]
[WhiteTeam "Mislata"]
[BlackTeam "Eva Manises"]

1. d4 d5 2. Nf3 c5 3. c3 e6 4. Bf4 Nc6 5. e3 Nf6 6. Nbd2 Bd6 7. Bg3 Qe7 8. Ne5
Nd7 9. f4 O-O 10. Bd3 f5 11. Bb5 Bxe5 12. fxe5 a6 13. Bd3 c4 14. Bc2 b5 15. Nf3
a5 16. Bh4 Qe8 17. Rg1 Ne7 18. g4 f4 19. exf4 Rxf4 20. Ng5 Ng6 21. Bg3 Rf8 22.
h4 h6 23. Nh7 Kxh7 24. h5 Qe7 25. Qd2 Rf3 26. Ke2 Rf8 27. Bf4 Qh4 28. Raf1 Bb7
29. Kd1 Ba6 30. Kc1 b4 31. hxg6+ Kg8 32. g5 bxc3 33. bxc3 h5 34. Qe3 Rab8 35.
Bd1 1-0

[Event "Valencia tch - Division de Honor"]
[Site "Comunidad Valenciana"]
[Date "2009.01.10"]
[Round "1.8"]
[White "Silva Rodriguez, Fernando"]
[Black "Valero Perez, Fco. Javier"]
[Result "0-1"]
[WhiteElo "1945"]
[BlackElo "2182"]
[PlyCount "62"]
[EventDate "2009.01.10"]
[EventType "team"]
[EventRounds "9"]
[EventCountry "ESP"]
[Source "lmi"]
[SourceDate "2009.01.10"]
[WhiteTeam "Eva Manises"]
[BlackTeam "Mislata"]

1. e4 d5 2. exd5 Qxd5 3. Nc3 Qd8 4. d4 Nf6 5. Nf3 Bf5 6. Bc4 e6 7. O-O c6 8.
Re1 Be7 9. Ne5 Nbd7 10. Qe2 Nb6 11. Bb3 Qxd4 12. Nxf7 Kxf7 13. Bxe6+ Bxe6 14.
Qxe6+ Kg6 15. Re4 Bc5 16. Rxd4 Bxd4 17. h4 h5 18. Ne2 Rhe8 19. Nf4+ Kh7 20.
Qf5+ Kh8 21. Ne6 Rxe6 22. Bg5 Re5 23. Qf4 Re4 24. Qf5 Nbd7 25. c3 Bb6 26. Rd1
Rae8 27. Rxd7 Re1+ 28. Kh2 Ng4+ 29. Kg3 Bxf2+ 30. Kf3 Rf1 31. Qxg4 Bxh4# 0-1

[Event "Valencia tch - Division de Honor"]
[Site "Comunidad Valenciana"]
[Date "2009.01.10"]
[Round "1.1"]
[White "Garcia Molla, Victor"]
[Black "Dolezal, Cristian"]
[Result "1/2-1/2"]
[WhiteElo "2332"]
[BlackElo "2411"]
[PlyCount "141"]
[EventDate "2009.01.10"]
[EventType "team"]
[EventRounds "9"]
[EventCountry "ESP"]
[Source "lmi"]
[SourceDate "2009.01.10"]
[WhiteTeam "Ateneo Maritimo"]
[BlackTeam "Silla"]

1. d4 g6 2. c4 Bg7 3. e4 c5 4. d5 d6 5. Bd3 b5 6. cxb5 a6 7. a4 axb5 8. Bxb5+
Bd7 9. Na3 Nf6 10. f3 O-O 11. Ne2 Ne8 12. O-O Nc7 13. Qb3 Nba6 14. Nc3 Rb8 15.
Bd2 Qe8 16. Rab1 Nxb5 17. Ncxb5 Nc7 18. Qc2 Nxb5 19. axb5 Bxb5 20. Nxb5 Qxb5
21. b4 Bd4+ 22. Kh1 cxb4 23. Bxb4 Rfc8 24. Qa2 Qd3 25. Rfd1 Qe3 26. Qd2 Qxd2
27. Bxd2 Rxb1 28. Rxb1 f5 29. Bg5 Kf7 30. exf5 gxf5 31. Re1 Bf6 32. Bxf6 Kxf6
33. Re6+ Kf7 34. h4 Rc4 35. g3 Rd4 36. Rh6 Kg7 37. Re6 Kf8 38. Rh6 Rxd5 39.
Rxh7 Rd2 40. g4 Rf2 41. g5 Rxf3 42. g6 Rg3 43. h5 f4 44. Rf7+ Ke8 45. Rf5 e6
46. Rf6 Rh3+ 47. Kg2 Rxh5 48. Rxe6+ Kd7 49. Rf6 Ke7 50. Rxf4 Rg5+ 51. Kf3 Rxg6
52. Ke4 Kd7 53. Kd4 Kc6 54. Rh4 Rg1 55. Rh5 Rd1+ 56. Kc3 Ra1 57. Kd4 Ra3 58.
Rg5 Rh3 59. Rf5 Ra3 60. Rh5 Ra4+ 61. Kd3 Rg4 62. Kc3 Kd7 63. Kd3 Ke6 64. Rh6+
Kd5 65. Rh5+ Kc6 66. Kc3 Rf4 67. Kd3 d5 68. Rh8 Kd7 69. Rh7+ Kd6 70. Rh8 Kc5
71. Rc8+ 1/2-1/2

[Event "Valencia tch - Division de Honor"]
[Site "Comunidad Valenciana"]
[Date "2009.01.10"]
[Round "1.3"]
[White "Plaza Pardo, Daniel"]
[Black "Valmaña Canto, Jaime"]
[Result "1/2-1/2"]
[WhiteElo "2205"]
[BlackElo "2343"]
[PlyCount "65"]
[EventDate "2009.01.10"]
[EventType "team"]
[EventRounds "9"]
[EventCountry "ESP"]
[Source "lmi"]
[SourceDate "2009.01.10"]
[WhiteTeam "Ateneo Maritimo"]
[BlackTeam "Silla"]

1. e4 c5 2. Nf3 Nc6 3. Bb5 d6 4. O-O Bd7 5. Re1 a6 6. Bxc6 Bxc6 7. d4 cxd4 8.
Qxd4 Nf6 9. Nc3 e6 10. Bg5 Be7 11. Rad1 O-O 12. h3 Qc7 13. Qe3 b5 14. a3 a5 15.
e5 dxe5 16. Nxe5 b4 17. axb4 axb4 18. Nxc6 Qxc6 19. Ne4 Qxc2 20. Bxf6 Bxf6 21.
Nxf6+ gxf6 22. Qd4 Rfd8 23. Qg4+ Kh8 24. Rxd8+ Rxd8 25. Qxb4 Qc7 26. Qc3 Qe7
27. b4 Rb8 28. Rb1 Rb5 29. Qc4 Qb7 30. Rb3 h5 31. Qd4 Qe7 32. Qc4 Qb7 33. Qd4
1/2-1/2

[Event "Valencia tch - Division de Honor"]
[Site "Comunidad Valenciana"]
[Date "2009.01.10"]
[Round "1.4"]
[White "Salgado Allaria, Carlos"]
[Black "Torres Garrigos, David"]
[Result "0-1"]
[WhiteElo "2366"]
[BlackElo "2165"]
[PlyCount "40"]
[EventDate "2009.01.10"]
[EventType "team"]
[EventRounds "9"]
[EventCountry "ESP"]
[Source "lmi"]
[SourceDate "2009.01.10"]
[WhiteTeam "Silla"]
[BlackTeam "Ateneo Maritimo"]

1. d4 e6 2. e4 d5 3. Nd2 dxe4 4. Nxe4 Nd7 5. Nf3 Ngf6 6. Nxf6+ Nxf6 7. Bg5 h6
8. Bh4 c5 9. dxc5 Qxd1+ 10. Rxd1 Bxc5 11. Bb5+ Ke7 12. Ne5 g5 13. Bg3 Ne4 14.
f3 Nxg3 15. hxg3 Bb6 16. f4 Bc7 17. O-O a6 18. Be2 h5 19. Rd2 h4 20. Nf3 hxg3
0-1

[Event "Valencia tch - Division de Honor"]
[Site "Comunidad Valenciana"]
[Date "2009.01.10"]
[Round "1.5"]
[White "Balada Moreno, Jose Luis"]
[Black "Carbonell Bofill, Carlos Eloy"]
[Result "1/2-1/2"]
[WhiteElo "2162"]
[BlackElo "2250"]
[PlyCount "59"]
[EventDate "2009.01.10"]
[EventType "team"]
[EventRounds "9"]
[EventCountry "ESP"]
[Source "lmi"]
[SourceDate "2009.01.10"]
[WhiteTeam "Ateneo Maritimo"]
[BlackTeam "Silla"]

1. e4 e6 2. d4 d5 3. e5 c5 4. Nf3 Nc6 5. dxc5 Bxc5 6. Bd3 Nge7 7. Bf4 Ng6 8.
Bg3 O-O 9. O-O f5 10. exf6 Qxf6 11. Nc3 Rf7 12. a3 Bd7 13. Qd2 h6 14. Rae1 Nf4
15. Bxf4 Qxf4 16. Qxf4 Rxf4 17. Nb5 Raf8 18. b4 Bb6 19. Nc3 Nd4 20. Ne5 Be8 21.
Ne2 Nxe2+ 22. Rxe2 Bh5 23. Rd2 Bd4 24. Ng6 Bxg6 25. Bxg6 R8f6 26. Bh5 Bb2 27.
Rd3 Rc4 28. Bd1 Kf7 29. g3 g5 30. Kg2 1/2-1/2

[Event "Valencia tch - Division de Honor"]
[Site "Comunidad Valenciana"]
[Date "2009.01.10"]
[Round "1.6"]
[White "Calvo Alfonso, Vicente"]
[Black "Monmeneu Chulia, Victor"]
[Result "1/2-1/2"]
[WhiteElo "2202"]
[BlackElo "2147"]
[PlyCount "85"]
[EventDate "2009.01.10"]
[EventType "team"]
[EventRounds "9"]
[EventCountry "ESP"]
[Source "lmi"]
[SourceDate "2009.01.10"]
[WhiteTeam "Silla"]
[BlackTeam "Ateneo Maritimo"]

1. c4 e5 2. Nc3 Nc6 3. g3 g6 4. Bg2 Bg7 5. d3 d6 6. Rb1 a5 7. a3 f5 8. e3 Be6
9. Nge2 Nf6 10. Nd5 Qd7 11. b4 axb4 12. axb4 Rb8 13. O-O O-O 14. Bd2 Ne7 15.
Nxf6+ Bxf6 16. Qc2 c6 17. d4 b5 18. cxb5 cxb5 19. Rfd1 Bc4 20. Be1 e4 21. Ra1
Rfc8 22. Rdc1 d5 23. Bf1 Nc6 24. Qb2 Be7 25. h4 Bd6 26. Nf4 Bxf4 27. exf4 h6
28. Bd2 Qg7 29. Be3 Ra8 30. Rxa8 Rxa8 31. Ra1 Rxa1 32. Qxa1 Qa7 33. Qxa7 Nxa7
34. Bd2 Nc6 35. Bc3 Bxf1 36. Kxf1 Kf7 37. Ke2 Kf6 38. Ke3 Nd8 39. f3 Ne6 40. g4
exf3 41. g5+ Kg7 42. Kxf3 Nc7 43. Ke3 1/2-1/2

[Event "Valencia tch - Division de Honor"]
[Site "Comunidad Valenciana"]
[Date "2009.01.10"]
[Round "1.7"]
[White "Gonzalez Aguirre, Luis"]
[Black "Galvan Huaraca, Jesus"]
[Result "1-0"]
[WhiteElo "2120"]
[BlackElo "2252"]
[PlyCount "93"]
[EventDate "2009.01.10"]
[EventType "team"]
[EventRounds "9"]
[EventCountry "ESP"]
[Source "lmi"]
[SourceDate "2009.01.10"]
[WhiteTeam "Ateneo Maritimo"]
[BlackTeam "Silla"]

1. c4 e5 2. g3 Nc6 3. Bg2 f5 4. Nc3 Nf6 5. e3 g6 6. Nge2 Bg7 7. O-O O-O 8. d3
d6 9. a3 a5 10. Rb1 Be6 11. Nd5 Rb8 12. Qc2 Ne7 13. Nxe7+ Qxe7 14. Bd2 b6 15.
b4 axb4 16. axb4 b5 17. Rfc1 bxc4 18. dxc4 Kh8 19. c5 d5 20. f4 Ne4 21. fxe5
Bxe5 22. Nd4 Bd7 23. c6 Bc8 24. b5 Bd6 25. Nf3 g5 26. Qb2+ Kg8 27. Bc3 Ba3 28.
Qe2 f4 29. gxf4 gxf4 30. Ba1 Bc5 31. Rxc5 Qxc5 32. Nd4 Ra8 33. Bxe4 Rxa1 34.
Rxa1 dxe4 35. Qg2+ Kh8 36. Qxe4 Bh3 37. exf4 Rg8+ 38. Kf2 Rg2+ 39. Kf3 Qc3+ 40.
Qe3 Qxa1 41. Qe8+ Kg7 42. Qe5+ Kf8 43. Ne6+ Bxe6 44. Qxa1 Bd5+ 45. Ke3 Rg7 46.
Qf6+ Bf7 47. b6 1-0

[Event "Valencia tch - Division de Honor"]
[Site "Comunidad Valenciana"]
[Date "2009.01.10"]
[Round "1.8"]
[White "Garcia Domingo, Jose Antonio"]
[Black "Campos Aucejo, Vicente"]
[Result "1/2-1/2"]
[WhiteElo "1938"]
[BlackElo "2239"]
[PlyCount "63"]
[EventDate "2009.01.10"]
[EventType "team"]
[EventRounds "9"]
[EventCountry "ESP"]
[Source "lmi"]
[SourceDate "2009.01.10"]
[WhiteTeam "Silla"]
[BlackTeam "Ateneo Maritimo"]

1. e4 c6 2. d4 d5 3. Nc3 dxe4 4. Nxe4 Bf5 5. Ng3 Bg6 6. Nf3 e6 7. Bd3 Nd7 8. h4
Ngf6 9. Bg5 Bxd3 10. Qxd3 h6 11. Bd2 Bd6 12. Ne4 Nxe4 13. Qxe4 Nf6 14. Qe2 Qb6
15. b3 O-O-O 16. a4 Rhe8 17. O-O Qc7 18. b4 e5 19. dxe5 Bxe5 20. Nxe5 Rxe5 21.
Be3 Re4 22. g3 Rde8 23. Qf3 Nd5 24. Bxa7 b6 25. a5 Qxa7 26. axb6 Qxb6 27. c4
Nf6 28. c5 Qxb4 29. Qf5+ R4e6 30. Rfb1 g6 31. Rxb4 gxf5 32. Ra8+ 1/2-1/2

[Event "Valencia tch - Division de Honor"]
[Site "Comunidad Valenciana"]
[Date "2009.01.17"]
[Round "2.1"]
[White "Torres Sanchez, Jose"]
[Black "Mellado Triviño, Juan"]
[Result "1/2-1/2"]
[WhiteElo "2330"]
[BlackElo "2436"]
[PlyCount "53"]
[EventDate "2009.01.10"]
[EventType "team"]
[EventRounds "9"]
[EventCountry "ESP"]
[Source "lmi"]
[SourceDate "2009.01.10"]
[WhiteTeam "Burjassot"]
[BlackTeam "Silla"]

1. d4 d5 2. Nf3 c5 3. e3 Nf6 4. c4 cxd4 5. exd4 Nc6 6. Nc3 Bg4 7. cxd5 Nxd5 8.
Qb3 Bxf3 9. gxf3 e6 10. Qxb7 Nxd4 11. Bb5+ Nxb5 12. Qc6+ Ke7 13. Qxb5 Qd7 14.
Nxd5+ exd5 15. Qb3 f6 16. O-O Kf7 17. Rd1 Rd8 18. Be3 Qf5 19. Kg2 h5 20. Rac1
Rd7 21. Rc8 h4 22. h3 Qg6+ 23. Kf1 Qf5 24. Kg2 Qg6+ 25. Kf1 Qf5 26. Kg2 Qg6+
27. Kf1 1/2-1/2

[Event "Valencia tch - Division de Honor"]
[Site "Comunidad Valenciana"]
[Date "2009.01.17"]
[Round "2.2"]
[White "Dolezal, Cristian"]
[Black "Kovacevic, Slobodan"]
[Result "1/2-1/2"]
[WhiteElo "2411"]
[BlackElo "2389"]
[PlyCount "79"]
[EventDate "2009.01.10"]
[EventType "team"]
[EventRounds "9"]
[EventCountry "ESP"]
[Source "lmi"]
[SourceDate "2009.01.10"]
[WhiteTeam "Silla"]
[BlackTeam "Burjassot"]

1. e4 c5 2. Nf3 e6 3. c4 a6 4. Nc3 Qc7 5. d4 cxd4 6. Nxd4 Nf6 7. a3 b6 8. Be3
Bb7 9. f3 d6 10. Rc1 Nbd7 11. Be2 Be7 12. O-O Rc8 13. b4 O-O 14. Qd2 Qb8 15.
Rfd1 Rfe8 16. Kh1 Bd8 17. Nb3 Bc7 18. Bf4 d5 19. Bxc7 Rxc7 20. exd5 exd5 21.
Nxd5 Nxd5 22. cxd5 Bxd5 23. Qxd5 Rxe2 24. Qd6 Rxc1 25. Qxb8+ Nxb8 26. Nxc1 Re8
27. Kg1 Kf8 28. Kf2 Rc8 29. Ne2 Ke7 30. Ke3 Nd7 31. Nf4 Nf6 32. h4 g6 33. g4 h6
34. g5 hxg5 35. hxg5 Nd7 36. Nd5+ Ke6 37. Nf4+ Ke7 38. Nd5+ Ke6 39. Nf4+ Ke7
40. Nd5+ 1/2-1/2

[Event "Valencia tch - Division de Honor"]
[Site "Comunidad Valenciana"]
[Date "2009.01.17"]
[Round "2.3"]
[White "Carrasco Sagredo, Manuel"]
[Black "Valmaña Canto, Jaime"]
[Result "0-1"]
[WhiteElo "2143"]
[BlackElo "2343"]
[PlyCount "142"]
[EventDate "2009.01.10"]
[EventType "team"]
[EventRounds "9"]
[EventCountry "ESP"]
[Source "lmi"]
[SourceDate "2009.01.10"]
[WhiteTeam "Burjassot"]
[BlackTeam "Silla"]

1. c4 g6 2. Nc3 Bg7 3. Nf3 Nf6 4. d4 d6 5. Bg5 c5 6. e3 h6 7. Bh4 g5 8. Bg3 Nh5
9. Be2 Nc6 10. d5 Nxg3 11. hxg3 Ne5 12. Nd2 Bf5 13. e4 Bd7 14. Qc2 a6 15. Nb3
b5 16. cxb5 c4 17. bxa6 cxb3 18. axb3 Qb6 19. O-O O-O 20. Ra3 Rfc8 21. Qd2 Bg4
22. Na4 Qa7 23. Bb5 Bd7 24. Be2 Bg4 25. Bb5 Rab8 26. Qa5 Bd7 27. Bxd7 Nxd7 28.
b4 Bd4 29. b5 Bxf2+ 30. Kh2 Ne5 31. Rb3 Nc4 32. Qc3 Ne3 33. Qd3 Nxf1+ 34. Qxf1
Bd4 35. Qf5 Rc1 36. Rf3 Bf6 37. Rf1 Rc4 38. Nc3 Rb4 39. e5 dxe5 40. d6 R4xb5
41. Nxb5 Rxb5 42. Qc8+ Kg7 43. d7 Rd5 44. d8=Q Rxd8 45. Qxd8 Qxa6 46. Rc1 e4
47. Rc8 Kg6 48. Qg8+ Bg7 49. Qe8 Bf6 50. Rc6 Qb7 51. g4 Kg7 52. Rc8 Be5+ 53.
Kh1 Qxb2 54. Qh8+ Kg6 55. Rc6+ e6 56. Qg8+ Kf6 57. Qd8+ Kg7 58. Qd1 Qf2 59. Rc2
Qg3 60. Kg1 e3 61. Kf1 Qh2 62. Qf3 Bf4 63. Ke2 Qg1 64. Kd3 Qb1 65. Qe2 Qb5+ 66.
Rc4 e5 67. Kc2 Qd5 68. Kb3 e4 69. Kb4 Qd2+ 70. Qxd2 exd2 71. Rd4 e3 0-1

[Event "Valencia tch - Division de Honor"]
[Site "Comunidad Valenciana"]
[Date "2009.01.17"]
[Round "2.4"]
[White "Carbonell Bofill, Carlos Eloy"]
[Black "Mompo Ballester, Vicente"]
[Result "0-1"]
[WhiteElo "2250"]
[BlackElo "2228"]
[PlyCount "36"]
[EventDate "2009.01.10"]
[EventType "team"]
[EventRounds "9"]
[EventCountry "ESP"]
[Source "lmi"]
[SourceDate "2009.01.10"]
[WhiteTeam "Silla"]
[BlackTeam "Burjassot"]

1. Nf3 Nf6 2. d4 d5 3. Bg5 Nbd7 4. Nbd2 g6 5. c3 Bg7 6. Qc2 c5 7. e4 dxe4 8.
Nxe4 cxd4 9. Nxd4 O-O 10. Be2 Qa5 11. Bh4 Nxe4 12. Qxe4 Nc5 13. Qc2 Bxd4 14. b4
Qa4 15. Qb2 Bg7 16. Bxe7 Ne4 17. O-O Re8 18. Bh4 Nxc3 0-1

[Event "Valencia tch - Division de Honor"]
[Site "Comunidad Valenciana"]
[Date "2009.01.17"]
[Round "2.5"]
[White "Muñoz Orts, German"]
[Black "Calvo Alfonso, Vicente"]
[Result "0-1"]
[WhiteElo "2175"]
[BlackElo "2202"]
[PlyCount "66"]
[EventDate "2009.01.10"]
[EventType "team"]
[EventRounds "9"]
[EventCountry "ESP"]
[Source "lmi"]
[SourceDate "2009.01.10"]
[WhiteTeam "Burjassot"]
[BlackTeam "Silla"]

1. Nf3 d5 2. g3 Bg4 3. Bg2 Nd7 4. O-O c6 5. d3 e6 6. Nbd2 Bd6 7. a3 a5 8. Qe1
Ne7 9. e4 Qc7 10. d4 Qd8 11. e5 Bc7 12. Qe3 O-O 13. h3 Bf5 14. c3 a4 15. Nh4
Bc2 16. f4 c5 17. Kh1 cxd4 18. cxd4 Ra6 19. Ndf3 Nb6 20. Qf2 Be4 21. Bd2 Nc4
22. Bb4 Ba5 23. Ne1 Bxb4 24. axb4 Qb6 25. Bxe4 dxe4 26. Nc2 Nxb2 27. Qe2 Nd3
28. Qxe4 Qc6 29. Qxc6 Rxc6 30. Rf3 Rxc2 31. Rxd3 b5 32. Rb1 Rfc8 33. Rdd1 Nd5
0-1

[Event "Valencia tch - Division de Honor"]
[Site "Comunidad Valenciana"]
[Date "2009.01.17"]
[Round "2.6"]
[White "Galvan Huaraca, Jesus"]
[Black "Corona Gentil, Jose Luis"]
[Result "1-0"]
[WhiteElo "2252"]
[BlackElo "2136"]
[PlyCount "83"]
[EventDate "2009.01.10"]
[EventType "team"]
[EventRounds "9"]
[EventCountry "ESP"]
[Source "lmi"]
[SourceDate "2009.01.10"]
[WhiteTeam "Silla"]
[BlackTeam "Burjassot"]

1. d4 d5 2. c4 dxc4 3. Nf3 e6 4. e4 b5 5. a4 c6 6. b3 Bb4+ 7. Bd2 Bxd2+ 8. Qxd2
cxb3 9. axb5 Bd7 10. Nc3 Nf6 11. Ne5 O-O 12. Rb1 cxb5 13. Nxd7 Qxd7 14. Bxb5
Qb7 15. f3 Rd8 16. Rxb3 Nc6 17. Ba4 Qa6 18. Bxc6 Qxc6 19. Ne2 Qa4 20. Qb2 Qa5+
21. Kf2 h6 22. Rb7 Qa4 23. Ra1 Qc4 24. Raxa7 Rxa7 25. Rxa7 e5 26. Qb6 Re8 27.
d5 Rf8 28. Rc7 Qa2 29. Qc5 Qd2 30. Qe3 Qa5 31. Rc5 Qa2 32. Qc3 Re8 33. Rc8 Qa7+
34. Ke1 Qd7 35. Rxe8+ Qxe8 36. Qc7 Nh7 37. Nc3 Nf8 38. d6 Nd7 39. Nd5 f6 40.
Qc6 Kf8 41. Nc7 Qf7 42. Qa8+ 1-0

[Event "Valencia tch - Division de Honor"]
[Site "Comunidad Valenciana"]
[Date "2009.01.17"]
[Round "2.7"]
[White "Marin Corresa, Arturo"]
[Black "Penades Ordaz, Victor"]
[Result "1-0"]
[WhiteElo "2180"]
[BlackElo "2185"]
[PlyCount "111"]
[EventDate "2009.01.10"]
[EventType "team"]
[EventRounds "9"]
[EventCountry "ESP"]
[Source "lmi"]
[SourceDate "2009.01.10"]
[WhiteTeam "Burjassot"]
[BlackTeam "Silla"]

1. d4 Nf6 2. c4 g6 3. Nc3 Bg7 4. g3 d6 5. Bg2 O-O 6. e3 e5 7. Nge2 Nbd7 8. O-O
a5 9. b3 exd4 10. exd4 Re8 11. h3 Nf8 12. Be3 Rb8 13. Qd2 Bd7 14. Rac1 Bc6 15.
d5 Bd7 16. Bg5 Qc8 17. Kh2 h5 18. Bh6 Bh8 19. Nd4 b6 20. f4 Bf5 21. Rce1 Qd7
22. Nc6 Ra8 23. Bg5 N8h7 24. Bh4 Bg7 25. Nb5 Be4 26. a4 Kf8 27. Ncd4 Bxg2 28.
Qxg2 Rxe1 29. Rxe1 Re8 30. Qf2 Ne4 31. Ne6+ fxe6 32. Rxe4 c6 33. dxc6 Qxc6 34.
Qe2 Kf7 35. g4 hxg4 36. hxg4 Nf6 37. Bxf6 Bxf6 38. g5 Bg7 39. Kg3 e5 40. Qf3
Kg8 41. f5 gxf5 42. Qxf5 d5 43. Rh4 dxc4 44. Qh7+ Kf8 45. Rxc4 Qe6 46. Nc7 Qf7
47. Nxe8 Kxe8 48. Rc8+ Kd7 49. Qh3+ Kd6 50. Rd8+ Kc5 51. Kg2 e4 52. Qe3+ Kb4
53. Qxe4+ Kxb3 54. Rd3+ Bc3 55. Qf3 Qg7 56. Rxc3+ 1-0

[Event "Valencia tch - Division de Honor"]
[Site "Comunidad Valenciana"]
[Date "2009.01.17"]
[Round "2.8"]
[White "Martinez Villar, Francisco Jesus"]
[Black "Quiñonero Simon, Jose"]
[Result "1-0"]
[WhiteElo "2123"]
[BlackElo "2207"]
[PlyCount "51"]
[EventDate "2009.01.10"]
[EventType "team"]
[EventRounds "9"]
[EventCountry "ESP"]
[Source "lmi"]
[SourceDate "2009.01.10"]
[WhiteTeam "Silla"]
[BlackTeam "Burjassot"]

1. d4 d5 2. Nf3 Nf6 3. c4 c6 4. g3 g6 5. Bg2 Bg7 6. O-O O-O 7. Qb3 b6 8. Nc3
Ba6 9. cxd5 cxd5 10. Ne5 e6 11. Bg5 h6 12. Bxf6 Bxf6 13. Rfd1 Bg7 14. e4 Bxe5
15. exd5 Bg7 16. dxe6 Nc6 17. exf7+ Kh7 18. Bxc6 Rc8 19. Bd5 Rc7 20. Be6 Bxd4
21. Qd5 Bf6 22. Qf3 Rxc3 23. Rxd8 Rxf3 24. Rxf8 Bd4 25. Rd1 Bc5 26. Rdd8 1-0

[Event "Valencia tch - Division de Honor"]
[Site "Comunidad Valenciana"]
[Date "2009.01.17"]
[Round "2.1"]
[White "Llobel Cortell, Enrique"]
[Black "Garcia Molla, Victor"]
[Result "1/2-1/2"]
[WhiteElo "2385"]
[BlackElo "2332"]
[PlyCount "23"]
[EventDate "2009.01.10"]
[EventType "team"]
[EventRounds "9"]
[EventCountry "ESP"]
[Source "lmi"]
[SourceDate "2009.01.10"]
[WhiteTeam "Eva Manises"]
[BlackTeam "Ateneo Maritimo"]

1. d4 Nf6 2. Bg5 e6 3. e4 h6 4. Bxf6 Qxf6 5. Nc3 Bb4 6. Qd2 d5 7. a3 Bxc3 8.
Qxc3 dxe4 9. Qxc7 O-O 10. c3 Nc6 11. Rd1 Rd8 12. Bb5 1/2-1/2

[Event "Valencia tch - Division de Honor"]
[Site "Comunidad Valenciana"]
[Date "2009.01.17"]
[Round "2.2"]
[White "Barbera Estelles, Rosendo"]
[Black "Aymerich Rosell, Pablo"]
[Result "1/2-1/2"]
[WhiteElo "2211"]
[BlackElo "2169"]
[PlyCount "24"]
[EventDate "2009.01.10"]
[EventType "team"]
[EventRounds "9"]
[EventCountry "ESP"]
[Source "lmi"]
[SourceDate "2009.01.10"]
[WhiteTeam "Ateneo Maritimo"]
[BlackTeam "Eva Manises"]

1. Nf3 Nf6 2. g3 g6 3. Bg2 Bg7 4. O-O O-O 5. d3 d6 6. e4 e5 7. h3 h6 8. c3 Nc6
9. Re1 d5 10. Nbd2 dxe4 11. dxe4 Be6 12. Qe2 Nd7 1/2-1/2

[Event "Valencia tch - Division de Honor"]
[Site "Comunidad Valenciana"]
[Date "2009.01.17"]
[Round "2.3"]
[White "Fernandez Gil, Marco Antonio"]
[Black "Plaza Pardo, Daniel"]
[Result "1-0"]
[WhiteElo "2263"]
[BlackElo "2205"]
[PlyCount "69"]
[EventDate "2009.01.10"]
[EventType "team"]
[EventRounds "9"]
[EventCountry "ESP"]
[Source "lmi"]
[SourceDate "2009.01.10"]
[WhiteTeam "Eva Manises"]
[BlackTeam "Ateneo Maritimo"]

1. e4 c5 2. Ne2 Nc6 3. g3 d5 4. Bg2 dxe4 5. Bxe4 Nf6 6. Bg2 g6 7. O-O Bg7 8. d3
O-O 9. h3 Bd7 10. Nbc3 Nd4 11. Be3 Bc6 12. Bxc6 bxc6 13. Na4 Nf3+ 14. Kg2 Nd4
15. Nxc5 Qd5+ 16. f3 Nf5 17. Bf2 Bh6 18. Nc3 Qd8 19. Re1 Rb8 20. Nb3 Qc7 21.
Qe2 e6 22. Qe5 Qxe5 23. Rxe5 Nd7 24. Re2 Rb7 25. Ne4 Bg7 26. c3 Rfb8 27. g4 Ne7
28. Nd6 Rc7 29. Bg3 e5 30. d4 f6 31. f4 exf4 32. Bxf4 Nd5 33. Bg3 Rf8 34. c4
N5b6 35. Re7 1-0

[Event "Valencia tch - Division de Honor"]
[Site "Comunidad Valenciana"]
[Date "2009.01.17"]
[Round "2.5"]
[White "Andres Julia, Vicente Ramon"]
[Black "Balada Moreno, Jose Luis"]
[Result "0-1"]
[WhiteElo "2102"]
[BlackElo "2162"]
[PlyCount "74"]
[EventDate "2009.01.10"]
[EventType "team"]
[EventRounds "9"]
[EventCountry "ESP"]
[Source "lmi"]
[SourceDate "2009.01.10"]
[WhiteTeam "Eva Manises"]
[BlackTeam "Ateneo Maritimo"]

1. e4 d6 2. Nc3 Nf6 3. d4 g6 4. f4 Bg7 5. Nf3 O-O 6. Bd3 Bg4 7. O-O c6 8. h3
Bxf3 9. Qxf3 Nbd7 10. e5 Ne8 11. Ne2 Nc7 12. c3 dxe5 13. fxe5 h6 14. Qg4 Nxe5
15. dxe5 Qxd3 16. Nf4 Qe4 17. Bd2 Qxe5 18. Rae1 Qd6 19. Bc1 e5 20. Ne2 f5 21.
Qa4 Kh7 22. Be3 Qd3 23. Nc1 Qb5 24. Qxb5 Nxb5 25. Rd1 Rf7 26. Nb3 Nc7 27. Na5
Nd5 28. Bf2 e4 29. Bd4 g5 30. Nc4 Bxd4+ 31. Rxd4 Rf6 32. Na5 Kg6 33. c4 Nf4 34.
Rd7 b6 35. Nb3 Nd3 36. Re7 Nxb2 37. c5 Nd3 0-1

[Event "Valencia tch - Division de Honor"]
[Site "Comunidad Valenciana"]
[Date "2009.01.17"]
[Round "2.6"]
[White "Monmeneu Chulia, Victor"]
[Black "Angullo Gil, Jose"]
[Result "1/2-1/2"]
[WhiteElo "2147"]
[BlackElo "2151"]
[PlyCount "35"]
[EventDate "2009.01.10"]
[EventType "team"]
[EventRounds "9"]
[EventCountry "ESP"]
[Source "lmi"]
[SourceDate "2009.01.10"]
[WhiteTeam "Ateneo Maritimo"]
[BlackTeam "Eva Manises"]

1. e4 c5 2. Nc3 e6 3. g3 d5 4. exd5 exd5 5. Bg2 Nf6 6. d3 d4 7. Ne4 Nxe4 8.
dxe4 Nc6 9. f4 Be7 10. Nf3 O-O 11. O-O Be6 12. Qe2 f6 13. f5 Bf7 14. Bf4 Bd6
15. Rfe1 Re8 16. Rad1 Be5 17. b3 Qc7 18. Nxe5 1/2-1/2

[Event "Valencia tch - Division de Honor"]
[Site "Comunidad Valenciana"]
[Date "2009.01.17"]
[Round "2.7"]
[White "Martinez Ramon, Senen"]
[Black "Gonzalez Aguirre, Luis"]
[Result "1/2-1/2"]
[WhiteElo "2103"]
[BlackElo "2120"]
[PlyCount "68"]
[EventDate "2009.01.10"]
[EventType "team"]
[EventRounds "9"]
[EventCountry "ESP"]
[Source "lmi"]
[SourceDate "2009.01.10"]
[WhiteTeam "Eva Manises"]
[BlackTeam "Ateneo Maritimo"]

1. e4 c6 2. d4 d5 3. Nd2 dxe4 4. Nxe4 h6 5. Nf3 Bg4 6. Be2 Nd7 7. O-O Ngf6 8.
Ng3 e6 9. h3 Bxf3 10. Bxf3 Bd6 11. Ne4 Nxe4 12. Bxe4 Qh4 13. Qf3 f5 14. Bxc6
bxc6 15. Qxc6 Ke7 16. d5 Rhc8 17. Qb7 e5 18. f4 Rab8 19. Qa6 Rxc2 20. Qd3 Bc5+
21. Kh2 Rf2 22. d6+ Bxd6 23. Rxf2 Qxf2 24. Be3 Qh4 25. Rd1 Qf6 26. Qe2 Qe6 27.
Bxa7 Rb7 28. Bf2 Qxa2 29. Bh4+ Ke6 30. Qh5 Nf6 31. Bxf6 gxf6 32. Qe8+ Re7 33.
Qg8+ Rf7 34. Qe8+ Re7 1/2-1/2